000 00288nam a2200133 a 4500
005 20140414132011.0
008 101022s19uu xx 00 eng d
050 _aVCD
_bM88
100 _a
245 _aMulan.
250 _aSpecial Edition
260 _bWalt Disney.
999 _c113289
_d113289